|
|
|
|
| LEADER |
00905pam a22002658a 4500 |
| 001 |
00025007 |
| 005 |
20171026081022.0 |
| 008 |
110729s1997 ||||||Viesd |
| 020 |
|
|
|c 6000
|
| 041 |
0 |
# |
|a Vie
|
| 082 |
1 |
4 |
|a 324.259 707 1
|b V115K
|
| 110 |
1 |
# |
|a Đảng cộng sản việt nam
|
| 245 |
0 |
0 |
|a Văn kiện hội nghị lần thứ hai ban chấp hành trung ương khóa VIII
|
| 260 |
# |
# |
|a H.
|b Chính trị quốc gia
|c 1997
|
| 300 |
# |
# |
|a 89tr.
|c 19 cm.
|
| 650 |
# |
4 |
|a Đảng cộng sản việt nam
|
| 653 |
# |
# |
|a Ban chấp hành trung ương
|
| 653 |
# |
# |
|a Hội nghị lần thứ 2
|
| 653 |
# |
# |
|a Văn kiện
|
| 852 |
# |
# |
|b Kho mượn
|j KM.0010559
|
| 852 |
# |
# |
|b Kho đọc
|j KD.0009449
|
| 852 |
# |
# |
|j KD.0009449
|j KM.0010559
|
| 910 |
|
|
|d 29/07/2011
|
| 980 |
# |
# |
|a Trung tâm Học liệu Lê Vũ Hùng, Trường Đại học Đồng Tháp
|